| 000 | 01025nam0a2200301 4500 | ||
|---|---|---|---|
| 001 | RU\NLR\bibl\1503385 | ||
| 005 | 20250616020834.0 | ||
| 010 |
_a978-5-350-00204-1 _9500 |
||
| 021 |
_aRU _b2010-19338 _91304 |
||
| 035 | _a(NLR Aleph) 001494824 | ||
| 090 |
_a1781413 _c1781413 |
||
| 100 | _a20100422d2010 |||y0rusy50 ca | ||
| 101 | 0 | _arus | |
| 102 | _aRU | ||
| 105 | _ay ||||||||| | ||
| 200 | 1 |
_aСтодольская межа _fВладимир Наушкин |
|
| 210 |
_aПсков _c[б. и.] _d2010 |
||
| 215 |
_a150, [1] с. _cил. _d21 |
||
| 607 |
_aВелижский район (Смоленская область) _92594800 _3RU\NLR\auth\661533206 |
||
| 607 |
_aКуньинский район (Псковская область) _92505545 _3RU\NLR\auth\661485728 |
||
| 686 | _aТ3(2Р-4Пс) | ||
| 686 | _aТ3(2Р-4См) | ||
| 700 | 1 |
_aНаушкин _bВ. Р. _gВладимир Р _4070 |
|
| 801 | 0 |
_aRU _bNLR _c20100422 _gRCR |
|
| 801 | 1 |
_aRU _bNLR _c20100422 |
|
| 942 | _cBOOK | ||
| 980 | _aNB | ||